00311pam a2200121 a 4500020000500000041000500005082001000010100003000020245006300050250001400113260005400127300000800181 c h a658.8 aRAVICHANDRAN (K.)eauthor aMerchant Banking and Financial Services.hTextual Document a1st Rep.  bHimalaya Publishing House Mumbai, New Delhic2011 a325